Music Quiz

Random Music or Clip Quiz

Bad songs to hear in hospital (clips) Quiz Stats

 Plays Quiz not verified by Sporcle

Challenge
Share
Tweet
Score 0/15 Timer 10:00
0 Plays Today
Hint Song % Correct
0:21-0:26 (for when you wonder how long you have left to live)The Final Countdown
95.7%
1:02-1:08 (an obvious choice)Another One Bites The Dust
90.4%
0:38-0:36 (well if there is I might not mind going so much)Spirit In The Sky
75.7%
1:19-1:28 (for the labour ward)Torn
65.2%
0:14-0:20 (sadly true)Everybody Hurts
61.7%
1:38-1:46 (rather depressing advice)Suicide Is Painless
57.4%
1:09-1:18 (song for the burns unit)I'm On Fire
56.5%
0:27-0:37 (this wont help you get better)Bad Medicine
55.7%
Hint Song % Correct
1:47-1:54 (another obvious choice)Hurt
53%
1:29-1:37 (a worrying thing to hear in the proctology wardWhat's Up
50.4%
0:00-0:07 (hope the doctor doesnt tell you this)The Drugs Don't Work
30.4%
0:56-1:01 (neither is this)Girlfriend In A Coma
27.8%
1:55-2:05 (finishing with a reminder of where you are likely to be going soon)Going Underground
23.5%
0:47-0:55 (not a good thing to have)Cardiac Arrest
7.8%
0:08-0:13 (or this)This Is The End (for you my friend)
5.2%

You're not logged in!

Compare scores with friends on all Sporcle quizzes.
OR
Log In

You Might Also Like...

Show Comments

Extras

Top Quizzes Today


Score Distribution

Your Account Isn't Verified!

In order to create a playlist on Sporcle, you need to verify the email address you used during registration. Go to your Sporcle Settings to finish the process.

Report this User

Report this user for behavior that violates our Community Guidelines.

Details: